Brand Logos Mix #3 - Statistics

General Stats
  • This quiz has been taken 7,435 times
  • The average score is 17 of 20
Answer Stats
Picture Answer % Correct
Mc Donald's
99%
Sprite
99%
YouTube
99%
Monster
98%
Wikipedia
98%
Lego
97%
Paypal
97%
Burger King
96%
Subway
96%
Android
94%
Dunkin' Donuts
93%
Skype
93%
Reddit
88%
iTunes
83%
Mr. Clean
77%
Air Jordan
76%
The North Face
76%
Blockbuster
70%
Mattel
60%
AOL
24%
No matching quizzes found
Score Distribution
Percent of People with Each Score
Percentile by Number Answered
Your Score History
You have not taken this quiz